[Event "POL-chT 66th"]
[Site "Katowice"]
[Date "2010.09.11"]
[Round "8"]
[White "Kuczynski, Robert"]
[Black "Rutkowski, Maciej"]
[Result "1/2-1/2"]
[WhiteElo "2511"]
[BlackElo "2402"]
[Annotator "RR"]
[PlyCount "87"]
[EventDate "2010.09.04"]
[EventType "team-tourn"]
[EventRounds "9"]
[EventCountry "POL"]
[SourceTitle "EXT 2016"]
[Source "ChessBase"]
[SourceDate "2015.10.08"]
[SourceVersion "1"]
[SourceVersionDate "2015.10.08"]
[SourceQuality "1"]
[WhiteTeam "Wroclaw AZS WSB"]
[BlackTeam "Gorzow Wielkopolski"]
[WhiteTeamCountry "POL"]
[BlackTeamCountry "POL"]

1. e4 c5 2. Nf3 d6 3. d4 cxd4 4. Nxd4 Nf6 5. Nc3 g6 6. Be3 Bg7 7. f3 Nc6 8. Qd2
O-O 9. O-O-O d5 10. exd5 Nxd5 11. Nxc6 bxc6 12. Bd4 Nxc3 13. Qxc3 Bh6+ 14. Be3
Bxe3+ 15. Qxe3 Qb6 16. Qxe7 Be6 17. Qf6 Bxa2 18. b3 Bxb3 19. cxb3 Qxb3 20. Rd3
Qb6 21. Qb2 Rfe8 22. Qxb6 axb6 23. Rd1 Ra1+ 24. Kc2 Ra2+ 25. Kb1 $146 (25. Kb3
Rea8 26. Rd8+ Rxd8 27. Kxa2 Rd1 28. g3 g5 29. Kb3 Rd2 30. h4 {1/2-1/2 (30)
Topalov,V (2645)-Georgiev,K (2615) Elenite 1994}) 25... Ra4 26. Bd3 Rea8 $36 {
[%csl Rb1]} 27. Kc1 R8a5 28. Rhe1 Ra1+ 29. Bb1 R5a2 $1 {[%csl Rb1,Rc1][%cal
Ga2g2]} 30. Rg1 c5 31. Rd8+ $1 Kg7 32. Rc8 $1 {Bloquant la dangereuse majorité
} Rf2 33. Rc6 Ra4 34. Rxb6 Rc4+ 35. Kd1 Rd4+ 36. Ke1 Rfd2 37. h4 c4 38. Rb4 Rd6
39. Rxc4 Rd1+ 40. Kf2 R6d2+ 41. Ke3 Rxg1 42. Kxd2 Rxb1 43. Ke3 h5 44. g3
1/2-1/2

[Event "FIDE World Cup"]
[Site "Baku"]
[Date "2015.09.17"]
[Round "3.1"]
[White "Topalov, Veselin"]
[Black "Lu, Shanglei"]
[Result "1/2-1/2"]
[WhiteElo "2813"]
[BlackElo "2599"]
[Annotator "Ramirez Alvarez,A"]
[PlyCount "131"]
[EventDate "2015.09.11"]
[EventType "k.o."]
[EventRounds "7"]
[EventCountry "AZE"]
[SourceTitle "CBM 169"]
[Source "ChessBase"]
[SourceDate "2015.11.10"]
[SourceVersion "1"]
[SourceVersionDate "2015.11.10"]
[SourceQuality "1"]

1. e4 c5 2. Nf3 d6 3. d4 cxd4 4. Nxd4 Nf6 5. Nc3 g6 6. Be3 Bg7 7. f3 Nc6 8. Qd2
O-O 9. O-O-O d5 10. Qe1 e6 11. h4 Qc7 12. Ndb5 Qb8 13. exd5 Nxd5 14. Nxd5 exd5
15. Qd2 a6 16. Bf4 Be5 17. Bxe5 Qxe5 18. Re1 Qg3 19. Nc3 Bf5 20. Nxd5 Rfd8 21.
Bc4 Rac8 22. Kb1 h5 23. Qc3 {Black is down a pawn and his position looks very
sketchy. His king on g8 does not feel safe and his attack on the c2 pawn isn't
quite that strong yet.} Qxg2 $6 {well, at least Black recovers his material...
for now} 24. Ne3 $1 Qxf3 25. Rhf1 $6 (25. Ref1 $1 {prevents what happened in
the game. For example} Qg3 (25... Qe4 26. Nxf5 $18) 26. Qf6 $1 $18 {
Threatening mate with Bxf7+ and the f5 bishop. Black is positively lost.})
25... Qg3 26. Rg1 (26. Bxf7+ $1 Kh7 (26... Kxf7 27. Qc4+ Kf6 (27... Kg7 28.
Nxf5+ gxf5 29. Rg1 $18) 28. Nxf5 {gets swiftly mated.}) 27. Nxf5 Qxc3 28. bxc3
gxf5 29. Rxf5 $18) 26... Qe5 27. Nxf5 Qxc3 28. bxc3 Kf8 29. Nh6 (29. Ng3 Ne5
30. Rxe5 Rxc4 31. Ne4 {is an extra piece that White should eventually convert.}
) 29... Ne5 30. Bxf7 $6 (30. Bb3 Nc4 (30... f6 31. Rxe5 fxe5 32. Rxg6 $18) 31.
Bxc4 Rxc4 32. Ref1 {should be winning somehow.}) 30... Nf3 31. Bxg6 Nxe1 32.
Rxe1 $2 (32. Bxh5 $1 $18 {keeps the knight on e1 trapped!}) 32... Kg7 33. Bf5
Rc6 $1 34. Re7+ Kf8 35. Rf7+ Ke8 {Strangely, now White is forced into a very
awkward position with his minor pieces.} 36. Rh7 Rd1+ 37. Kb2 Rb6+ 38. Ka3 Rdd6
{the knight is trapped} 39. Rh8+ (39. Nf7 Rd5 {is a double attack on the
bishop and a5... mate!}) 39... Ke7 40. Ng8+ Kf7 41. c4 Rdc6 $1 42. Bd3 Kg7 {
Black wins back the exchange and eventually drew the game.} 43. Rxh5 Kxg8 44.
Rd5 Rc7 45. h5 Kg7 46. c5 Rb1 47. c4 Rh1 48. Kb4 Rh2 49. a4 Kh6 50. Ka5 Rb2 51.
Be4 Rb3 52. Re5 Rb2 53. c6 bxc6 54. Re6+ Kxh5 55. Rxc6 Re7 56. Bd5 Kg5 57. Rxa6
Kf5 58. Bc6 Ke5 59. Bb5 Rb7 60. Ra8 Kd6 61. Ka6 Rc7 62. Rd8+ Kc5 63. a5 Rh7 64.
Rb8 Ra2 65. Rb6 Rg7 66. Rc6+ 1/2-1/2

[Event "EU-Cup 18th"]
[Site "Kallithea"]
[Date "2002.09.25"]
[Round "4.2"]
[White "Sax, Gyula"]
[Black "Polzin, Rainer"]
[Result "1/2-1/2"]
[WhiteElo "2511"]
[BlackElo "2462"]
[Annotator "Rogozenco,D"]
[PlyCount "45"]
[EventDate "2002.09.22"]
[EventType "team-swiss"]
[EventRounds "7"]
[EventCountry "GRE"]
[SourceTitle "CBM 092"]
[Source "ChessBase"]
[SourceDate "2003.02.06"]
[SourceVersion "1"]
[SourceVersionDate "2003.02.06"]
[SourceQuality "1"]
[WhiteTeam "Zalaegerszeg"]
[BlackTeam "Berlin SF"]
[WhiteTeamCountry "HUN"]
[BlackTeamCountry "GER"]

1. e4 c5 2. Nf3 d6 3. d4 cxd4 4. Nxd4 Nf6 5. Nc3 g6 6. Be3 Bg7 7. f3 O-O 8. Qd2
Nc6 9. O-O-O d5 10. Qe1 e5 11. Nxc6 bxc6 12. exd5 Nxd5 13. Bc4 Be6 14. Ne4 Qc7
15. Bc5 Rfd8 16. h4 {In a way this move is less precise than 16.g4 because of
the following reasons: First of all White takes away square h4 from the queen 
(for instance if after 16.g4 Black plays 16...h6, then besides 17.h4 White has
an important alternative 17.Qh4). Also after the direct 16.g4 Black cannot
play 16...f5, because White has square g5 available for the knight (16.g4 f5?
17.gxf5 gxf5 18.Ng5 Bh6 19.Rg1+/-). Finally, White's plan is often connected
with the advance g4-g5, fixing Black's kingside and securing a strong position
for the knight on e4. In that case for White is usually better that Black has
the pawn on h7, not h5. Another point is that white pawn on h4 might sometimes
be a weakness in endgame (see the game Liss-Alterman, given below). Still, the
move 16.h4 leads by transpositions to same positions as 16.g4.} (16. g4 Nf4 (
16... h6 17. Qh4 $14) 17. Bxe6 $14) 16... h6 17. g4 f5 $5 {This became
possible because of the inclusion of moves 16.h4 h6.  However, the ambitious
advance of f-pawn remains a rather risky continuation. The usual reaction
after g2-g4 is Nd5-f4.} (17... Nf4 18. Bxe6 Nxe6 19. Bd6 Qb6 20. g5 Nd4 21. Kb1
(21. Rd3 h5 22. Qd2 Nf5 23. Bc5 Rxd3 24. Qxd3 Qa5 25. Qc4 Rd8 26. Rd1 Rxd1+ 27.
Kxd1 Qd8+ 28. Ke2 Nxh4 29. Bxa7 Qd7 30. Bf2 Ng2 31. Bg3 h4 32. Kf2 Qh3 33. Qxc6
hxg3+ 34. Nxg3 Nf4 35. Qe8+ Kh7 36. Qxf7 Qg2+ 37. Ke3 Qxg3 38. Kd2 e4 {0-1 Van
Beek,A-Keessen,A/Hengelo 1999}) 21... h5 22. Bc5 Qb5 23. Qc3 Rd5 24. Bxd4 exd4
25. Qd3 a6 26. Rhe1 Rb8 27. Qxb5 axb5 28. b4 Rf5 $132 {[%csl Rh4] Liss,
E-Alterman,B/Rishon Le Ziyyon 1994}) (17... a5 $5 {In connection with 18...f5
this is an interesting idea.} 18. a4 (18. g5 $5) 18... f5 19. gxf5 gxf5 20. Ng3
Qf7 21. Rg1 Kh7 22. Ne2 Bf6 23. Qf2 Rd7 24. Bxd5 Rxd5 25. Rxd5 Bxd5 26. f4 Rg8
27. Rxg8 Kxg8 28. fxe5 Bxe5 29. Nf4 Be4 30. Bd4 Bd6 31. Qg3+ Kh7 32. h5 Be7 33.
Qg6+ Qxg6 34. hxg6+ Kg8 35. Nh5 c5 36. Bc3 Bc6 37. b3 c4 38. Nf6+ Bxf6 39. Bxf6
f4 40. Bc3 f3 41. Kd2 cxb3 42. cxb3 Bd5 43. Ke3 Bxb3 44. Kxf3 {1/2-1/2
Ptacnikova,L-Xu Yuhua/Medellin 1996}) 18. gxf5 gxf5 19. Ng3 Qf7 (19... Rab8 $6
20. Nh5 $40 {Wang Pin-Matveeva,S/Subotica 1991}) 20. Qa5 (20. Rg1 Kh7 21. Qa5
Rd7 22. Qa6 Rad8 23. Bb3 $13 Rc7 24. c4 Rdd7 25. Bc2 Nf4 26. Bd6 Rb7 27. Qa3 c5
28. Rge1 Rxd6 29. Rxd6 e4 30. fxe4 $2 (30. b3 Bc3 $44 (30... Be5 $2 31. Nxe4 $1
)) 30... Bxb2+ 31. Qxb2 Rxb2 32. exf5 Rxc2+ 33. Kxc2 Bxc4 34. Red1 Nd5 35. Re1
Nf6 36. a3 Bd5 37. Re5 Qc7 38. Rdxd5 Nxd5 39. Rxd5 Qxg3 40. Rd7+ Kg8 {0-1 Ayas
Fernandez,A-Marin,M/Sitges 1995}) 20... Rdb8 $146 (20... Rd7 21. Bb3 Rb8 22. c4
Nb6 23. Bd6 Rxd6 (23... Rbb7 $142 $13 24. Bxe5 $140 Nxc4 25. Bxc4 Bxc4 26. Rxd7
Qxd7 27. Bxg7 Qxg7 {[%csl Rb2]}) 24. Rxd6 Bxc4 25. Rg1 Bxb3 26. axb3 Rb7 27.
Qd2 Qxb3 28. Nxf5 Qxf3 29. Rd8+ Kh7 30. Rxg7+ {1-0 Szieberth,A-Kosanovic,G/
Budapest 2001}) 21. Rhg1 (21. Bb3 $5 Rb5 (21... Nf4 $5) 22. Qa3 {This
complicated position requires further practical tests.}) 21... Kh8 (21... Kh7
$5) 22. Ne2 Nc7 (22... Nf4 23. Nxf4 (23. Bxe6 $2 Nxe2+) 23... Bxc4 24. Qc3 $5
Kh7 {Here one can see the point of 21...Kh7.} (24... Re8 25. Rd6 $5 $16) (24...
Bxa2 25. Ng6+ Kh7 26. Nxe5) (24... exf4 $2 25. Rxg7 Qxg7 26. Bd4 $18) 25. Nh5 (
25. Rxg7+ $5 Kxg7 (25... Qxg7 26. Nh5 Qg6 27. Qxc4 Rb7 $1 (27... Qxh5 28. Rd7+
Kh8 29. Qe6 $18) 28. Bf2 Qxh5 29. Qxc6 $36) 26. Qxe5+ Kh7 27. b3 $16) 25...
Qxh5 26. Qxc4 $16) 23. Bxe6 $13 1/2-1/2

[Event "EU-Cup 18th"]
[Site "Kallithea"]
[Date "2002.09.28"]
[Round "7.1"]
[White "Stefansson, Hannes"]
[Black "Kiik, Kalle"]
[Result "1-0"]
[WhiteElo "2588"]
[BlackElo "2450"]
[Annotator "Rogozenco,D"]
[PlyCount "79"]
[EventDate "2002.09.22"]
[EventType "team-swiss"]
[EventRounds "7"]
[EventCountry "GRE"]
[SourceTitle "CBM 092"]
[Source "ChessBase"]
[SourceDate "2003.02.06"]
[SourceVersion "1"]
[SourceVersionDate "2003.02.06"]
[SourceQuality "1"]
[WhiteTeam "Reykjavik Hellir"]
[BlackTeam "Joensuu"]
[WhiteTeamCountry "ISL"]
[BlackTeamCountry "FIN"]

1. e4 c5 2. Nf3 g6 3. Nc3 Bg7 4. d4 cxd4 5. Nxd4 d6 6. Be3 Nf6 7. f3 O-O 8. Qd2
d5 {A doubtful variation. The resulting positions are too passive for Black.}
9. e5 Nfd7 (9... Ne8 10. f4 $14 {/+/-}) 10. f4 Nb6 11. Be2 $5 (11. O-O-O {
is the main continuation. Here Tiviakov's suggestion} Bg4 {is best, that's why
the game move 11.Be2 makes perfect sense.}) 11... Nc6 12. O-O-O {Castling long
is strongest plan here as well.} (12. O-O Nc4 13. Bxc4 dxc4 14. Nxc6 bxc6 15.
Qe2 Be6 {is okay for Black according to Sax.}) 12... Bd7 (12... Nxd4 13. Bxd4
Nc4 14. Qe1 Be6 15. g4 {and White soon developed a decisive attack,
Apicella-Guidez, France 1991.}) (12... Nc4 $4 13. Nxc6 $18) 13. Nf3 $16 e6 14.
Bc5 Re8 15. h4 Rc8 16. Bd6 (16. Nb5 $6 Nxe5 17. fxe5 Rxc5 18. Nd6 Qc7 19. Nxe8
Bxe8 $44) 16... Ne7 (16... h5 17. g4 hxg4 18. Ng5 Ne7 19. h5 $40) 17. g4 Nc4
18. Bxc4 Rxc4 19. Ne2 Nc8 20. Bb4 Qb6 21. a3 Qa6 22. Kb1 {Accuracy is required.
The advance of h-pawn will come sooner or later.} (22. h5 $2 Rxb4 $1 23. Qxb4
Qxe2 $17) 22... Nb6 23. Ned4 Rec8 24. h5 Na4 25. f5 exf5 26. gxf5 Rxc2 {
The only practical chance. Otherwise Black cannot create any counterplay at
all.} 27. Nxc2 Rxc2 28. Qxc2 (28. Kxc2 $2 Bxf5+ 29. Kc1 Qc4+ 30. Bc3 Qe4 $19)
28... Bxf5 29. Qxf5 gxf5 30. h6 $1 $18 {White has an winning attack even
without the queen.} Bxh6 (30... Qe2 31. Rd2 Qxf3 (31... Qe4+ 32. Ka2 Qxf3 33.
Rg1 $18) 32. Rg1 Kh8 33. Rc2 $18) 31. Rhg1+ Bg7 32. Be7 $1 Qb6 (32... Kh8 33.
Rxd5 (33. Rxg7 Kxg7 34. Rg1+ Qg6 35. Rxg6+ hxg6 36. Kc2 {is easy winning for
White.}) 33... h6) 33. Rd2 ({White wants even more than} 33. Rxg7+ Kxg7 34.
Rg1+ Qg6 35. Rxg6+ $18) 33... Kh8 (33... Nc3+ 34. Ka1 Ne4 35. Rdg2 $18) 34.
Rdg2 {White is playing for mate.} (34. Rxg7 {again this wins easily} Kxg7 35.
Rg2+ Qg6 36. Nh4 $5) 34... h5 35. Ng5 Kg8 36. Ne6 Kh8 37. Nxg7 Qb3 38. Bb4 f4
39. Ne8 Kh7 40. Nf6+ 1-0

[Event "Olympiad-36"]
[Site "Mallorca"]
[Date "2004.10.17"]
[Round "3"]
[White "Rodriguez Vila, Andres"]
[Black "Dao, Thien Hai"]
[Result "1-0"]
[WhiteElo "2533"]
[BlackElo "2601"]
[Annotator "Rogozenco,D"]
[PlyCount "53"]
[EventDate "2004.10.15"]
[EventType "team-swiss"]
[EventRounds "14"]
[EventCountry "ESP"]
[SourceTitle "CBM 104"]
[Source "ChessBase"]
[SourceDate "2005.01.27"]
[SourceVersion "1"]
[SourceVersionDate "2005.01.27"]
[SourceQuality "1"]
[WhiteTeam "Uruguay"]
[BlackTeam "Vietnam"]
[WhiteTeamCountry "URU"]
[BlackTeamCountry "VIE"]

1. e4 c5 2. Nc3 Nc6 3. Nge2 d6 4. d4 cxd4 5. Nxd4 g6 6. Be3 Bg7 7. Qd2 Nf6 8.
f3 O-O 9. O-O-O Bd7 {I doubt the objective value of this system. White's
chances seem to be much better.} 10. g4 Qa5 (10... Rc8 11. h4 $14 {/+/-}) (
10... Nxd4 11. Bxd4 $16 {[%cal Gh2h4,Gh4h5]}) 11. Nb3 $16 (11. h4 Rfc8 12. h5 {
is also good, but the game move is stronger, pointing out the drawback of 10...
Qa5.}) 11... Qd8 (11... Qc7 12. g5 (12. h4 Ne5 13. Be2 $14) 12... Nh5 13. Be2
Rac8 14. Nd5 Qd8 15. f4 e6 16. Nc3 Nb4 17. Kb1 Bc6 18. Nd4 $16 {1-0
Nevostrujev,V-Solovjov,S/Samara 2002 (44)}) 12. Bh6 (12. h4) (12. g5 $5 Nh5 13.
Be2 Rc8 14. Nd5 $36 {1-0 Mezentsev,V-Narayan,C/San Francisco 2002 (37)}) 12...
a5 (12... Ne5 13. Bxg7 Kxg7 14. g5 Ne8 15. f4 Nc6 16. h4 $16 {1-0 Rajlich,
V-Schadler,P/Philadelphia 1998 (44)}) 13. Bxg7 Kxg7 14. h4 (14. a3 {A very
unexpected move in such situations, but the idea is that Black cannot advance .
..b5 easily.} Ne5 (14... Na7 15. e5 Ne8 16. h4 b5 17. h5 {and White's attack
is much stronger.}) 15. g5 Nh5 16. f4 a4 17. Nd4 Nc6 18. Be2 $16 {1-0 Ribli,
Z-Gouder,A/Nice 1974 (34)}) 14... a4 15. Nd4 a3 16. b3 Rc8 17. Nxc6 Rxc6 18.
Nd5 {White has a big advantage, probably already winning. Black can do nothing
on the queenside, while the attack against Black's king is ready.} (18. h5 Qa5
19. hxg6 fxg6 (19... Qxc3 20. Qh6+ $18) 20. Qh6+ Kg8 (20... Kf7 21. Nd5) 21.
Nd5 Rf7 22. Bc4 Rxc4 23. bxc4) 18... Be6 (18... Nxd5 19. exd5 Rc5 20. h5 $18)
19. h5 Kg8 (19... Rh8 20. hxg6 (20. Nxf6 exf6 21. Bb5 Rb6 22. c4 $16 (22. h6+
Kf8 23. c4 Ke7 (23... Bd7 24. Bxd7 Qxd7 25. Qd4 $18) 24. Kb1 $16)) 20... fxg6 (
20... hxg6 21. Rxh8 Qxh8 (21... Kxh8 22. Nxf6 exf6 23. Qh6+ Kg8 24. Bb5 $18)
22. Nxe7 $18) 21. Nf4 Bf7 22. e5 dxe5 23. Ne6+ Bxe6 24. Qh6+ Kf7 25. Rxd8 Rxd8
26. g5 Nh5 27. Rxh5 gxh5 28. Qxh7+ Ke8 29. Bb5 $18) 20. Qh6 $18 Bxd5 (20... Re8
21. Nxf6+ exf6 22. hxg6 $18) 21. exd5 Rc3 22. hxg6 fxg6 23. g5 Qc7 (23... Nh5
24. Rxh5 gxh5 25. g6 hxg6 26. Qxg6+ Kh8 27. Bd3 Rxd3 28. Qh6+ Kg8 29. Rg1+ Kf7
30. Qg6#) 24. Bd3 Rc8 25. gxf6 Rxc2+ 26. Kb1 exf6 27. Bxg6 1-0

[Event "Subotica TS03 GM"]
[Site "Subotica"]
[Date "2003.03.27"]
[Round "7"]
[White "Pilgaard, Kim"]
[Black "Dimitrijevic, Aleksandra"]
[Result "1-0"]
[WhiteElo "2437"]
[BlackElo "2369"]
[Annotator "Rogozenco,D"]
[PlyCount "53"]
[EventDate "2003.03.23"]
[EventType "tourn"]
[EventRounds "11"]
[EventCountry "YUG"]
[EventCategory "9"]
[SourceTitle "CBM 095"]
[Source "ChessBase"]
[SourceDate "2003.07.25"]
[SourceVersion "1"]
[SourceVersionDate "2003.07.25"]
[SourceQuality "1"]

1. e4 c5 2. Nf3 d6 3. d4 cxd4 4. Nxd4 Nf6 5. Nc3 g6 6. Be3 Bg7 7. f3 O-O 8. Qd2
Nc6 9. O-O-O d5 10. exd5 Nxd5 11. Nxc6 bxc6 12. Bd4 e5 13. Bc5 Be6 14. Ne4 Re8
15. h4 h6 16. g4 Qc7 17. g5 h5 18. Bc4 Red8 (18... Rad8 {In this variation
Black sometimes has a problem with pawn e5, see the below given game
Ehlvest-Marin. That's why keeping the rook on e8 has its logic. On the other
hand it is difficult to organize any counterplay without a rook on the b-file.}
19. Qf2 Rd7 20. Rd2 Red8 21. Rhd1 Rb8 22. Bb3 Rbd8 23. Kb1 Kh7 24. Ba3 Qa5 25.
Kc1 Rb8 26. Nc5 Rdd8 27. Nxe6 fxe6 28. Rd3 (28. Qe1 {According to Popovic
White has decisive advantage after this move.}) 28... Bf8 29. Bxf8 Rxf8 30. Qe2
Rf5 31. c4 Qc5 32. Kb1 Nb6 33. Rd6 $16 {1/2-1/2 Popovic,P-Georgiev,K/Vrsac
1987 (40)}) 19. Qe1 $5 {An interesting idea. More common is Qf2, followed with
either Rd2 and Rhd1, or Rhe1. After 19.Qe1 White plans Rh2-d2, while from e1
the queen controls important square a5 and might attack pawn e5 in the future.}
(19. Qf2 a5 {Probably the inclusion of moves a5 for Black and a4 for White is
in White's favour for several reasons. That's why the immediate 19...Qb7 is
better.} (19... Qb7 $142 {Although White can claim a slight advantage, Black's
position is certainly playable.}) 20. a4 Qb7 21. Rhe1 $1 Rab8 22. b3 Nf4 23.
Bxe6 Nxe6 24. Nf6+ Bxf6 25. gxf6 {[%csl Re5] Here the weakness of pawn e5 can
easily be observed.} Rd5 26. Bd6 Rd8 27. Bxe5 Qb4 28. Rxd5 cxd5 29. Bb2 d4 30.
Rxe6 fxe6 31. Qg3 Kf8 32. Kb1 Qb7 33. Qxg6 Qf7 34. Ba3+ Ke8 35. Qh6 e5 36. Qg5
Rd5 37. Qf5 Kd8 38. f4 d3 39. cxd3 Rd4 40. Be7+ Kc7 41. Qxe5+ {1-0 Ehlvest,
J-Marin,M/Calcutta 1997.}) 19... Rab8 (19... Rd7 20. Rh2 Rad8 21. Rhd2 $14 {
is similar with the game Popovic-Georgiev, given above, with the difference
that White's queen is on e1 instead of f2.}) (19... a5 20. a4 Rab8 (20... Kh8
21. Rh2 Nf4 22. Bd6 Qb6 23. Bxe6 Nxe6 24. Qc3 $14 {1-0 Navara,D-Cernousek,L/
Olomouc 2000 (51)}) 21. Rh2 Qb7 22. Bb3 (22. b3 $5) 22... Qa8 23. Rhd2 Nf4 (
23... Rxb3 $5 24. cxb3 Qb7 $44) 24. Bxe6 Nxe6 25. Bd6 Rbc8 26. Nf6+ Bxf6 27.
gxf6 $16 {1/2-1/2 Riva,F-Fleetwood,D/Martinez Acosta mem-B corr 1995 (40)}) 20.
b3 Rd7 (20... a5 21. a4 $14) 21. Rh2 Rbd8 {By playing Ra8-b8-d8 Black provoked
the move b2-b3. However, as the practice showed, b2-b3 is a useful move.
Besides removing a potention weakness from v2, White also can play often
Bc5-a3-b2, increasing pressure on pawn e5 and also preparing Ne4-c5.} 22. Rhd2
Qa5 $2 {[%mdl 8192] A tactical blunder. Black must always watch out when the
queen on a5 is not protected.} (22... a5 23. a4 $14) (22... Nf4 23. Bxe6 Nxe6
24. Rxd7 Rxd7 25. Rxd7 Qxd7 26. Qa5 $14) 23. Rxd5 $1 $18 Qxa2 (23... Qxe1 24.
Rxd7 Qxh4 25. Rxd8+ Kh7 26. Bxe6 fxe6 27. R1d7 $18) (23... Rxd5 24. Qxa5 Rxd1+
25. Kb2 Bxc4 26. bxc4 $18) 24. Rxd7 Qa1+ 25. Kd2 Rxd7+ 26. Bd3 Qa5+ 27. Ke2 1-0